000 01314nam a22004337a 4500
001 BR7310844
003 BR-BrBNA
005 20230928084222.0
007 ta
008 230509b bl.||||| |||| 00| 0 por d
040 _aBR-BrBNA
_bpor
_cBiblioteca Nacional de Agricultura
041 _a(Spa)
072 _aQ10; F00; H70
_b0120
_b0170
_b0150
_b1410
_b/G355
090 _ 0120 BR7310844
100 1 _aMunoz, E.A.
100 1 _aCastro, F.A.
100 1 _aLarios, J.F.
100 1 _aMacall, M.A.F.
100 1 _aBautista, R.E.R.
110 1 _aCentro de Treinamento em Desenvolvimento Economico, Fortaleza, CE (Brasil)
_91678
245 1 _aRed de silos para granos basicos en zonas de produccion [milho, sorgo, arroz, feijao, pratica cultural, armazenamento, El Salvador]
_b2. Curso Nacional de Elaboracao e Avaliacao de Projetos
260 3 _aFortaleza, CE (Brasil):
_c[nd].
300 _av.p.
500 _aSummary (Spa); Published 1972? 18 ref.
650 _aMILHO
650 _aSILO
650 _aSORGO
650 _aARROZ
650 _aFEIJAO
650 _aPRATICA CULTURAL
650 _aARMAZENAMENTO
650 _aCONSUMO
650 _aTRANSPORTE
650 _aMAO-DE-OBRA
650 _aCUSTO
650 _aEL SALVADOR
909 _a202309
_bLucia
_c55
_dLucia Elande
942 _cBK
999 _c17523
_d17523